000 00618nam a22001937a 4500
999 _c196861
_d196861
005 20230804122813.0
010 _aB-078580
020 _a8187326823
_c125.00
035 _aB-078580
082 _a181.499
100 _aKrishnamurti, J.
245 _aKrishnamurti :
_breflections on the self /
_cby J.Krishnamurti; edited by Raymond Martin
260 _aChennai
_bKrishnamurti Foundation India
_c2000
270 _aVasanta Vihar, 124 Greenways Road
_bChennai
_e600028
300 _axix,214p.
_c22cm(pbk)
500 _aIncludes index
700 _aMartin, Raymond
942 _2ddc
_cEN
_mKRI
_h181.499